| 000 | 01053cam a2200301 i 4500 | ||
|---|---|---|---|
| 999 |
_c9887 _d9887 |
||
| 001 | 3698951 | ||
| 003 | OSt | ||
| 005 | 20210205114348.0 | ||
| 008 | 790416s1979 njua b 001 0 eng | ||
| 010 | _a 79012750 | ||
| 020 | _a0800710517 | ||
| 040 |
_aDLC _cDLC _dDLC |
||
| 043 | _an-us--- | ||
| 050 | 0 | 0 |
_aHQ767.3 _bSCH294W |
| 082 | 0 | 0 |
_a301 _bSCH294W |
| 100 | 1 |
_aSchaeffer, Francis A. _q(Francis August) |
|
| 245 | 1 | 0 |
_aWhatever happened to the human race? / _cFrancis A. Schaeffer, C. Everett Koop. |
| 260 |
_aOld Tappan, N.J. : _bF. H. Revell Co., _cc1979. |
||
| 300 |
_a256 p. : _bill. ; _c26 cm. |
||
| 504 | _aIncludes bibliographical references and index. | ||
| 650 | 0 |
_aAbortion _xReligious aspects _xChristianity. |
|
| 650 | 0 |
_aInfanticide _xReligious aspects _xChristianity. |
|
| 650 | 0 |
_aEuthanasia _xReligious aspects _xChristianity. |
|
| 650 | 0 |
_aPro-life movement _zUnited States. |
|
| 700 | 1 |
_aKoop, C. Everett _q(Charles Everett), _d1916-2013, _ejoint author. |
|
| 906 |
_a7 _bcbc _corignew _d1 _eocip _f19 _gy-gencatlg |
||
| 942 |
_2ddc _cBK |
||